000 00821cam a2200133 4500500
005 20260405023323.0
041 _afre
042 _adc
100 1 0 _aGiraud, Paul-Henri
_eauthor
245 0 0 _aOctavio Paz. Vers la transparence
260 _bPresses Universitaires de France,
_c2002.
520 _aSOMMAIRE IntroductionChap I -- Vers une poétique du sacré: «L’arc et la lyre» 1956 et ses antécédentsChap II -- Imaginaire mexicain et mythe personnel: «D’aigle ou soleil» 1949-1950 à «Pierre de soleil» 1957Chap III -- Parole, éros, orient: vers une expérience poétique de l’Inde, 1962-1970Conclusion -- Annexes chronologie - liste des œuvres poétiques d’Octavio Paz
856 4 1 _uhttps://shs.cairn.info/octavio-paz-vers-la-transparence--9782130532095?lang=fr&redirect-ssocas=7080
999 _c2138517
_d2138517